Normal view
MARC view
- قانون العقوبات - مصر - الجريمة والمجرمون - قوانين وتشريعات
Entry Topical Term
001 - CONTROL NUMBER
- control field: 44884
003 - CONTROL NUMBER IDENTIFIER
- control field: JO-AjAnu
005 - DATE AND TIME OF LATEST TRANSACTION
- control field: 20230606081429.0
008 - FIXED-LENGTH DATA ELEMENTS
- fixed length control field: 230606|| aca||aabn | a|a d
040 ## - CATALOGING SOURCE
- Original cataloging agency: JO-AjAnu
- Transcribing agency: JO-AjAnu
150 ## - HEADING--TOPICAL TERM
- Topical term or geographic name entry element: قانون العقوبات - مصر - الجريمة والمجرمون - قوانين وتشريعات
670 ## - SOURCE DATA FOUND
- Source citation: Work cat.: (JO-AjAnu)22982: تأليف حسني، محمود نجيب, author 44883, شرح قانون العقوبات : القسم العام : النظرية العامة للجريمة والنظرية العامة للعقوبة والتدبير الاحترازي